[Event "World Blitz 2016"]
[Site "Doha QAT"]
[Date "2016.12.29"]
[Round "9.35"]
[White "Vallejo Pons, Francisco"]
[Black "Potapov, Pavel"]
[Result "1-0"]
[WhiteTitle "GM"]
[BlackTitle "GM"]
[WhiteElo "2711"]
[BlackElo "2493"]
[WhiteFideId "2205530"]
[BlackFideId "4169786"]
[EventDate "2016.12.29"]

1. d4 f5 2. g3 Nf6 3. Bg2 g6 4. Nh3 Bg7 5. Nf4 Nc6 6. d5 Ne5 7. b3 O-O 8. Bb2
Nf7 9. O-O e5 10. dxe6 dxe6 11. Na3 e5 12. Nd5 c6 13. Nxf6+ Qxf6 14. Qe1 f4 15.
Nc4 Be6 16. Qb4 Rab8 17. Rad1 Kh8 18. a4 g5 19. Nd6 g4 20. Nxf7+ Qxf7 21. Be4
Bd5 22. Bxd5 cxd5 23. gxf4 exf4 24. Bxg7+ Qxg7 25. Rxd5 Rbc8 26. Qe4 g3 27. fxg3
fxg3 28. Rxf8+ Rxf8 29. Qd4 gxh2+ 30. Kxh2 Qxd4 31. Rxd4 Rf2+ 32. Kg3 Rxe2 33.
Rc4 Re7 34. Kf4 Kg7 35. Kf5 Kf7 36. Rc8 b6 37. c4 Re3 38. b4 Re7 39. b5 h6 40.
Rd8 Rc7 41. Rd4 Rc5+ 42. Ke4 Ke6 43. Kd3 h5 44. Rd8 Rc7 45. Rh8 Rd7+ 46. Kc3 Kd6
47. Rxh5 Kc7 48. a5 Kb7 49. a6+ Kc7 50. Rh8 Re7 51. Ra8 Kd6 52. Kd4 Rg7 53. Rb8
Rg4+ 54. Kc3 Rg3+ 55. Kb4 Rg7 56. Rc8 Rf7 57. Rc6+ Kd7 58. c5 Rf4+ 59. Kb3 bxc5
60. Rxc5 Rf6 61. Kb4 Re6 62. Ka5 Rf6 63. Rc3 Re6 64. Rh3 Re7 65. Rh8 Kd6 66. Ra8
Rf7 67. b6 Rf5+ 68. Kb4 axb6 69. a7 1-0

[Event "World Blitz 2016"]
[Site "Doha QAT"]
[Date "2016.12.29"]
[Round "9.36"]
[White "Borisek, Jure"]
[Black "Debashis, Das"]
[Result "1-0"]
[WhiteTitle "GM"]
[BlackTitle "GM"]
[WhiteElo "2561"]
[BlackElo "2472"]
[WhiteFideId "14603152"]
[BlackFideId "5024854"]
[EventDate "2016.12.29"]

1. e4 c5 2. Nf3 d6 3. Bb5+ Bd7 4. Bxd7+ Qxd7 5. c4 Nf6 6. Nc3 g6 7. d4 cxd4 8.
Nxd4 Bg7 9. f3 O-O 10. Be3 Rc8 11. b3 Nc6 12. O-O e6 13. Rc1 d5 14. cxd5 exd5
15. Nxc6 bxc6 16. e5 Qe7 17. f4 Nd7 18. Qd2 Nb6 19. Qf2 c5 20. Bd2 a6 21. Kh1
Rc6 22. Qf3 Rd8 23. Nd1 Qe6 24. Ba5 Rdc8 25. Bxb6 Rxb6 26. Ne3 d4 27. Nc4 Rbb8
28. Nb2 Bf8 29. Rc4 Rb4 30. Rc2 a5 31. Rfc1 a4 32. Nxa4 c4 33. Nb2 c3 34. Nd3
Rbb8 35. g4 Rd8 36. f5 Qd5 37. Qxd5 Rxd5 38. Kg2 Bg7 39. Re1 gxf5 40. gxf5 f6
41. Kf3 fxe5 42. Ke4 Rd6 43. Rg1 1-0

[Event "World Blitz 2016"]
[Site "Doha QAT"]
[Date "2016.12.29"]
[Round "9.37"]
[White "Agdestein, Simen"]
[Black "Grandelius, Nils"]
[Result "1/2-1/2"]
[WhiteTitle "GM"]
[BlackTitle "GM"]
[WhiteElo "2602"]
[BlackElo "2643"]
[WhiteFideId "1500015"]
[BlackFideId "1710400"]
[EventDate "2016.12.29"]

1. d4 Nf6 2. c4 e6 3. Nf3 d5 4. Nc3 dxc4 5. e3 a6 6. Bxc4 b5 7. Be2 Bb7 8. O-O
Nbd7 9. a4 b4 10. Nb1 c5 11. Nbd2 Be7 12. a5 O-O 13. Nc4 Rc8 14. dxc5 Nxc5 15.
Nb6 Qxd1 16. Bxd1 Rc7 17. Nd4 Rd8 18. Be2 e5 19. Nf5 Bf8 20. Bc4 b3 21. f3 Nfd7
22. Nd5 Bxd5 23. Bxd5 Rb8 24. e4 Nf6 25. Be3 Nxd5 26. exd5 Nd3 27. Rab1 g6 28.
Rfd1 Nxb2 29. d6 Rd7 30. Rxb2 gxf5 31. Bc5 Rb5 32. Ba3 e4 33. Kf1 f6 34. Rd4
exf3 35. gxf3 Kf7 36. Rd3 Ke6 37. Re2+ Kf7 38. Rb2 Ke6 39. Re2+ 1/2-1/2

[Event "World Blitz 2016"]
[Site "Doha QAT"]
[Date "2016.12.29"]
[Round "9.38"]
[White "Belyakov, Bogdan"]
[Black "Quparadze, Giga"]
[Result "1-0"]
[WhiteTitle "IM"]
[BlackTitle "IM"]
[WhiteElo "2487"]
[BlackElo "2481"]
[WhiteFideId "24104795"]
[BlackFideId "13602250"]
[EventDate "2016.12.29"]

1. e4 c5 2. c3 Nf6 3. e5 Nd5 4. Nf3 Nc6 5. Bc4 Nb6 6. Bb3 c4 7. Bc2 Qc7 8. O-O
Nxe5 9. Nxe5 Qxe5 10. Re1 Qc7 11. a4 e6 12. a5 Nd5 13. d3 cxd3 14. Qxd3 Nf6 15.
Na3 Bxa3 16. Rxa3 d5 17. Bg5 Ne4 18. Bh4 Bd7 19. Qd4 f6 20. f3 Nd6 21. Qxd5
O-O-O 22. Qa2 Nc4 23. Rb3 Qxa5 24. Qxa5 Nxa5 25. Ra3 Nc6 26. Bf2 a6 27. Bb6 Rde8
28. b4 Nb8 29. c4 e5 30. b5 Re6 31. bxa6 Nxa6 32. c5 g6 33. Bd3 Nb8 34. Ra8 Bc6
35. Bc4 Ree8 36. Rd1 f5 37. Rd6 e4 38. fxe4 Rxe4 39. Be6+ Rxe6 40. Rxe6 Kd7 41.
Re5 Rc8 42. Re1 Be4 43. Rd1+ Kc6 44. Ba7 Kc7 45. Rd6 Nd7 46. Bb6+ Nxb6 47. cxb6+
Kxd6 48. Rxc8 f4 49. Kf2 Ke5 50. h4 h5 51. g3 fxg3+ 52. Kxg3 Kf5 53. Rc5+ Ke6
54. Kf4 Kd6 55. Rc7 Bc6 56. Kg5 Be4 57. Kf6 Kd5 58. Rxb7 Kc6 59. Re7 1-0

[Event "World Blitz 2016"]
[Site "Doha QAT"]
[Date "2016.12.29"]
[Round "9.39"]
[White "Gholami, Aryan"]
[Black "Jumabayev, Rinat"]
[Result "1-0"]
[WhiteTitle "IM"]
[BlackTitle "GM"]
[WhiteElo "2422"]
[BlackElo "2611"]
[WhiteFideId "12513342"]
[BlackFideId "13702661"]
[EventDate "2016.12.29"]

1. c4 Nf6 2. Nc3 e6 3. d4 Bb4 4. e3 d5 5. Bd3 O-O 6. Ne2 b6 7. a3 Be7 8. O-O Bb7
9. cxd5 exd5 10. b4 Re8 11. f3 c5 12. bxc5 bxc5 13. Rb1 Qc8 14. dxc5 Bxc5 15.
Nd4 Nbd7 16. Nce2 Ne5 17. Bf5 Qc7 18. Nb5 Qe7 19. Nbd4 Ba6 20. Re1 Bxa3 21. Bxa3
Qxa3 22. Rb3 Qd6 23. Ng3 Bc4 24. Rc3 a5 25. Bb1 g6 26. f4 Ned7 27. e4 Qb4 28.
Qc1 Qb6 29. Qd2 Rac8 30. e5 Ne4 31. Bxe4 dxe4 32. Nxe4 Bd5 33. Nd6 Rxc3 34. Qxc3
Rb8 35. Kh1 Qb4 36. Qe3 Nf8 37. f5 Qb2 38. Re2 Qa1+ 39. Re1 Rb1 40. Nc2 Rxe1+
41. Qxe1 Qxe1+ 42. Nxe1 Nd7 43. Nd3 a4 44. fxg6 hxg6 45. Nb4 Bb3 46. Nb5 Nxe5
47. Na3 Nc4 48. Nxc4 Bxc4 49. Nc2 Bd3 50. Na3 Kg7 51. Kg1 Kf6 52. Kf2 Ke5 53.
Ke3 Ba6 54. g3 Kf5 55. Kf3 Bd3 56. Ke3 Ba6 57. Kf3 Bb7+ 58. Ke3 Kg4 59. Kf2 Ba6
60. Kg2 Bb7+ 61. Kf2 Kh3 62. Kg1 Be4 63. Nc4 f6 64. Na3 Bd3 65. Kh1 g5 66. Kg1
Be4 67. Nc4 Bd5 68. Na3 Bb7 69. Nc4 Ba6 70. Na3 Bd3 71. Kh1 Kg4 72. Kg2 Kf5 73.
Kf3 Ba6 74. Ke3 Ke5 75. h4 gxh4 76. gxh4 Kf5 77. Kf3 Bd3 78. Ke3 Be4 79. Nc4 Bc6
80. Kd4 Kg4 81. Kc5 Bf3 82. Kb4 Bc6 83. Kc5 Be8 1-0

[Event "World Blitz 2016"]
[Site "Doha QAT"]
[Date "2016.12.29"]
[Round "9.41"]
[White "Fressinet, Laurent"]
[Black "Henriquez Villagra, Cristobal"]
[Result "0-1"]
[WhiteTitle "GM"]
[BlackTitle "IM"]
[WhiteElo "2672"]
[BlackElo "2517"]
[WhiteFideId "608742"]
[BlackFideId "3409350"]
[EventDate "2016.12.29"]

1. Nf3 d5 2. g3 g6 3. Bg2 Bg7 4. d4 Nf6 5. O-O O-O 6. c4 dxc4 7. Na3 c3 8. bxc3
c5 9. Ne5 Nfd7 10. Nac4 Nxe5 11. Nxe5 cxd4 12. cxd4 Nd7 13. Bb2 Nxe5 14. dxe5
Qxd1 15. Rfxd1 Be6 16. f4 Rac8 17. Rdc1 b6 18. a4 Bc4 19. Kf2 Rc7 20. Rc2 Rfc8
21. Rac1 e6 22. Ba3 Bf8 23. Bd6 Rc5 24. Bb7 Bb3 25. Rxc5 Rxc5 26. Bxc5 Bxc5+ 27.
Kf3 Bxa4 28. Ra1 b5 29. Ba6 Kf8 30. Rc1 Bb6 31. Rb1 h5 32. Bxb5 Bc2 33. Rc1 Bf5
34. Rc8+ Kg7 35. Bd3 Bh3 36. Rb8 Bc5 37. Rb7 a5 38. Bb5 Kf8 39. Rb8+ Kg7 40. Rb7
Kf8 41. Rc7 Bb4 42. Rc8+ Kg7 43. Ra8 Be1 44. Be8 Kf8 45. Bxf7+ Kxf7 46. Ra7+ Kf8
47. Ra8+ Kg7 48. Ra7+ Kh6 49. Rb7 Bb4 50. Ra7 Bg4+ 51. Kf2 Bc5+ 0-1

[Event "World Blitz 2016"]
[Site "Doha QAT"]
[Date "2016.12.29"]
[Round "9.42"]
[White "Maghsoodloo, Parham"]
[Black "Pantsulaia, Levan"]
[Result "0-1"]
[WhiteTitle "GM"]
[BlackTitle "GM"]
[WhiteElo "2584"]
[BlackElo "2607"]
[WhiteFideId "12539929"]
[BlackFideId "13602071"]
[EventDate "2016.12.29"]

1. Nf3 c5 2. e3 Nf6 3. b3 g6 4. Bb2 Bg7 5. d4 cxd4 6. exd4 d5 7. Bd3 Nc6 8. a3
O-O 9. Nbd2 Bf5 10. Bxf5 gxf5 11. O-O Ne4 12. Re1 e6 13. Nf1 Rc8 14. Ng3 Ne7 15.
Nh5 Bh8 16. Ne5 Ng6 17. f3 Nd6 18. Qd2 Qh4 19. Ng3 Bg7 20. c3 Rc7 21. a4 Rfc8
22. Kh1 b5 23. Nd3 a5 24. axb5 Nxb5 25. Nc5 Ra7 26. Ne2 Bf8 27. Nd3 Bd6 28. g3
Qh5 29. Rf1 Nc7 30. c4 Rb7 31. c5 Bf8 32. Nec1 Qh3 33. Qg2 Qh6 34. Rxa5 Ne7 35.
Ra1 Nc6 36. f4 Rcb8 37. Rd1 Bg7 38. Ne1 Qh5 39. Qf3 Qxf3+ 40. Nxf3 Rxb3 41. Nxb3
Rxb3 42. Ra3 Rxb2 43. Ne5 Bxe5 44. dxe5 Kf8 45. Rc3 Ke7 46. h3 h5 47. Rg1 Nb5
48. Rd3 Nb4 49. Rf3 Nd4 50. Ra3 Nbc6 51. g4 hxg4 52. hxg4 Ne2 53. Rg2 Rb1+ 54.
Kh2 Nxf4 55. Rf2 Ng6 56. gxf5 Ngxe5 57. Rg3 d4 58. fxe6 Kxe6 59. Kg2 Kd5 60. Rg5
d3 61. Rxf7 Ke4 62. Rf2 Nd4 63. Rh5 Ne2 64. Rh4+ Kd5 65. Rf5 d2 66. Rh6 Ke4 67.
Rd6 Kxf5 68. Rxd2 Nf4+ 69. Kf2 Rc1 70. Rd8 Ng4+ 71. Kg3 Rc3+ 0-1

[Event "World Blitz 2016"]
[Site "Doha QAT"]
[Date "2016.12.29"]
[Round "9.43"]
[White "Venkatesh, M.R."]
[Black "Anton Guijarro, David"]
[Result "0-1"]
[WhiteTitle "GM"]
[BlackTitle "GM"]
[WhiteElo "2439"]
[BlackElo "2650"]
[WhiteFideId "5005779"]
[BlackFideId "2285525"]
[EventDate "2016.12.29"]

1. Nf3 Nf6 2. g3 b6 3. Bg2 Bb7 4. d3 g6 5. e4 d6 6. O-O Bg7 7. Re1 O-O 8. c3 c5
9. Nbd2 Nc6 10. h4 e6 11. Nf1 e5 12. Ne3 Re8 13. Nh2 Rc8 14. Nhg4 Nxg4 15. Qxg4
h5 16. Qe2 Ne7 17. c4 Nc6 18. Nd5 Nd4 19. Qd1 b5 20. Bg5 f6 21. Be3 bxc4 22.
dxc4 Rb8 23. b3 a5 24. Rb1 Kh7 25. g4 Bxd5 26. cxd5 hxg4 27. Qxg4 Qc8 28. Qd1
Bh6 29. Rc1 Rg8 30. Rc3 Qd7 31. Bxh6 Kxh6 32. Rg3 Qe7 33. Qd2+ Kh7 34. Qxa5 Rb4
35. Qa6 Rbb8 36. Qd3 Ra8 37. a4 Rab8 38. Qd1 Rb4 39. Ree3 f5 40. h5 f4 41. hxg6+
Kg7 42. Rh3 Qg5 43. Rh7+ Kf6 44. Reh3 Rxg6 45. Qf1 f3 46. Rg3 Ne2+ 47. Qxe2 fxe2
48. Rf3+ 0-1

[Event "World Blitz 2016"]
[Site "Doha QAT"]
[Date "2016.12.29"]
[Round "9.44"]
[White "Quintiliano Pinto, Renato R."]
[Black "Al-Sayed, Mohammed"]
[Result "0-1"]
[WhiteTitle "IM"]
[BlackTitle "GM"]
[WhiteElo "2484"]
[BlackElo "2508"]
[WhiteFideId "2117568"]
[BlackFideId "12100196"]
[EventDate "2016.12.29"]

1. d4 Nf6 2. c4 g6 3. Nc3 Bg7 4. e4 d6 5. Nf3 O-O 6. Be2 e5 7. O-O Nc6 8. d5 Ne7
9. b4 a5 10. Ba3 axb4 11. Bxb4 b6 12. a4 Re8 13. Re1 Bf8 14. Bf1 c5 15. Ba3 Bh6
16. Bb2 Nh5 17. g3 Rf8 18. Nb5 f5 19. a5 fxe4 20. Nxe5 e3 21. fxe3 dxe5 22. d6
Bb7 23. dxe7 Qxe7 24. axb6 Rad8 25. Qc2 Rf3 26. Bg2 Bxe3+ 27. Rxe3 Rxe3 28. Nc7
Bxg2 29. Qxg2 Qf7 30. Nd5 Rb3 31. Bxe5 Re8 32. Bb2 Qe6 33. b7 h6 0-1

[Event "World Blitz 2016"]
[Site "Doha QAT"]
[Date "2016.12.29"]
[Round "9.45"]
[White "Ghaem Maghami, Ehsan"]
[Black "Xu, Yi"]
[Result "1-0"]
[WhiteTitle "GM"]
[BlackTitle "IM"]
[WhiteElo "2574"]
[BlackElo "2430"]
[WhiteFideId "12500739"]
[BlackFideId "8605564"]
[EventDate "2016.12.29"]

1. c4 Nf6 2. Nc3 e6 3. Nf3 d5 4. d4 Bb4 5. e3 O-O 6. Bd3 c5 7. O-O cxd4 8. exd4
dxc4 9. Bxc4 b6 10. Bg5 Bb7 11. Ne5 Nbd7 12. Qe2 Rc8 13. Rad1 Qc7 14. Nb5 Qb8
15. a3 Bd6 16. Bxe6 fxe6 17. Nxd7 Bxh2+ 18. Kh1 Nxd7 19. Qxe6+ Rf7 20. f4 Nf8
21. Qg4 h5 22. Qh3 Bxf4 23. Qxh5 g6 24. Qg4 Bxg5 25. Rxf7 Kxf7 26. Qxg5 Kg8 27.
d5 a6 28. Nc3 Re8 29. Qf6 Qc8 30. Rf1 Qc7 31. Qd4 b5 32. Ne4 Nh7 33. Nc5 Bc8 34.
d6 Qc6 35. d7 Bxd7 36. Nxd7 Qe6 37. Nf6+ Nxf6 38. Rxf6 Qe1+ 39. Kh2 Kh7 40. Rf7+
Kh6 41. Qf4+ Kh5 42. Rh7# 1-0

[Event "World Blitz 2016"]
[Site "Doha QAT"]
[Date "2016.12.29"]
[Round "9.46"]
[White "Saeed, Ishaq"]
[Black "Lalith, Babu M R"]
[Result "0-1"]
[WhiteTitle "FM"]
[BlackTitle "GM"]
[WhiteElo "2312"]
[BlackElo "2587"]
[WhiteFideId "9301453"]
[BlackFideId "5024595"]
[EventDate "2016.12.29"]

1. d4 Nf6 2. Nf3 e6 3. c4 d5 4. e3 b6 5. Nc3 Bb7 6. Bd3 Bd6 7. O-O O-O 8. b3
Nbd7 9. Bb2 a6 10. Qc2 c5 11. cxd5 exd5 12. Rac1 Rc8 13. Qb1 Re8 14. Rfd1 Qe7
15. Bf5 Rcd8 16. Ne2 g6 17. Bd3 Ne4 18. Ng3 h5 19. Nf1 Rc8 20. Bxe4 dxe4 21.
N3d2 Bb8 22. Nc4 Qe6 23. dxc5 Nxc5 24. Bd4 Nd3 25. Rc2 b5 26. Ncd2 Rxc2 27. Qxc2
Rc8 28. Qb1 h4 29. h3 Qf5 30. f4 exf3 31. Nxf3 Bxf3 32. Qxd3 Bxd1 33. Qxd1 Be5
34. Bb6 Bf6 35. Qe2 Re8 36. a4 Qe6 37. Bc5 Qxb3 38. a5 Qc4 39. Qxc4 bxc4 40. Kf2
c3 41. Ke2 c2 42. Kd2 c1=Q+ 43. Kxc1 Rc8 0-1

[Event "World Blitz 2016"]
[Site "Doha QAT"]
[Date "2016.12.29"]
[Round "9.47"]
[White "Darini, Pouria"]
[Black "Zhang, Zhong"]
[Result "1/2-1/2"]
[WhiteTitle "GM"]
[BlackTitle "GM"]
[WhiteElo "2511"]
[BlackElo "2645"]
[WhiteFideId "12502200"]
[BlackFideId "8600694"]
[EventDate "2016.12.29"]

1. d4 d5 2. Nc3 c6 3. Bf4 Nf6 4. e3 Bf5 5. f3 h5 6. Bd3 Bxd3 7. Qxd3 e6 8. Nge2
Bd6 9. O-O-O Bxf4 10. Nxf4 g5 11. Nfe2 Nbd7 12. h4 g4 13. e4 gxf3 14. gxf3 dxe4
15. fxe4 Ng4 16. Rdf1 Qe7 17. Qf3 e5 18. d5 Ndf6 19. Ng3 O-O-O 20. Nf5 Qc5 21.
d6 Kb8 22. Qe2 Ne8 23. a3 f6 24. Ng3 Nxd6 25. Nxh5 Qe3+ 26. Qxe3 Nxe3 27. Rf3
Nxc2 28. Nxf6 Nd4 29. Rff1 Ne6 30. h5 Rh6 31. Ng4 Rh7 32. Nxe5 Rdh8 33. Rf6 Re8
34. h6 Kc8 35. Ng6 Nf7 36. Nf4 Nxf4 37. Rxf4 Rxh6 38. Rg1 Ne5 39. Rd1 Rh2 40.
Rf5 Nc4 41. b3 Nxa3 42. Rd2 Rxd2 43. Kxd2 a6 44. Kd3 Nb5 45. Na4 Nd6 46. Rf4 Rd8
47. Ke3 Re8 48. Nc5 a5 49. Rg4 b6 50. Nd3 c5 51. Rg6 Nxe4 52. Rxb6 Kc7 53. Ra6
Nd6+ 54. Kd2 Nb7 55. Rh6 Rg8 56. Kc3 Rg3 57. Kc2 Re3 58. Ra6 Rh3 59. Rg6 Rh5 60.
Ra6 Rg5 61. Nb2 Rg2+ 62. Kc1 Rg3 63. Kc2 Rg2+ 64. Kc1 Rg3 65. Nc4 Rxb3 66. Kc2
Rb4 67. Kd3 a4 68. Rh6 a3 69. Rh7+ Kb8 70. Rh2 Rb3+ 71. Ke4 Rc3 72. Kd5 Ka7 73.
Ra2 Rd3+ 74. Kc6 Rh3 75. Nxa3 Rh6+ 76. Kd5 Ra6 77. Nb5+ Kb6 78. Rb2 Na5 79. Nd6+
Kc7 80. Nb5+ Kb6 81. Nd6+ Kc7 82. Nb5+ Kb6 83. Nd4+ Kc7 84. Kxc5 Nb7+ 85. Kd5
Rd6+ 86. Kc4 Rb6 87. Nb5+ Kb8 88. Rd2 Rc6+ 89. Kb4 Rh6 90. Rd4 Kc8 91. Rc4+ Kd8
92. Rg4 Nd6 93. Nxd6 1/2-1/2

[Event "World Blitz 2016"]
[Site "Doha QAT"]
[Date "2016.12.29"]
[Round "9.48"]
[White "Aleksandrov, Aleksej"]
[Black "Shytaj, Luca"]
[Result "0-1"]
[WhiteTitle "GM"]
[BlackTitle "IM"]
[WhiteElo "2574"]
[BlackElo "2435"]
[WhiteFideId "13500139"]
[BlackFideId "812633"]
[EventDate "2016.12.29"]

1. d4 Nf6 2. c4 e6 3. Nc3 Bb4 4. e3 O-O 5. Ne2 Re8 6. a3 Bf8 7. Ng3 d5 8. Be2
dxc4 9. O-O c5 10. dxc5 Bxc5 11. Qc2 a6 12. Bxc4 b5 13. Be2 Nbd7 14. Nce4 Be7
15. Rd1 Qb6 16. a4 bxa4 17. Nxf6+ Nxf6 18. Qxa4 Bb7 19. Bd2 Bc6 20. Qa5 Qb8 21.
Rdc1 Bd5 22. b4 h5 23. f3 h4 24. Nf1 h3 25. g3 Bd8 26. Qa3 Bb6 27. Qb2 Qb7 28.
Kf2 Red8 29. Qe5 Rd7 30. Qg5 Rad8 31. Rc2 Bxf3 32. Bxf3 Ne4+ 33. Bxe4 Qxe4 34.
Rac1 Qg2+ 35. Ke1 Qg1 36. Ke2 Qg2+ 37. Ke1 Qg1 38. Qg4 Qg2 39. Rc8 Rxd2 40.
Rxd8+ Rxd8 41. Qe2 Qe4 42. Rc4 Qb1+ 43. Kf2 Qf5+ 44. Rf4 Qe5 45. Qxa6 Qb2+ 46.
Qe2 Qc1 47. Qh5 g6 48. Qxh3 Bxe3+ 49. Nxe3 Rd2+ 50. Kf3 Qh1+ 51. Kg4 Qe1 52. Rf3
Rd4+ 53. Rf4 Qxe3 54. Rxd4 Qxd4+ 55. Kf3 Qd5+ 56. Ke2 Qe4+ 57. Kf1 Qxb4 58. Qg2
Qb1+ 59. Kf2 Qb2+ 60. Kf3 Qxg2+ 61. Kxg2 Kg7 62. Kf3 Kf6 63. Ke4 Kg5 64. Ke5 Kg4
65. Kf6 Kh3 66. Kxf7 e5 67. Kxg6 e4 68. g4 Kxg4 0-1

[Event "World Blitz 2016"]
[Site "Doha QAT"]
[Date "2016.12.29"]
[Round "9.49"]
[White "Kayumov, Sergey"]
[Black "Hirneise, Tobias"]
[Result "1-0"]
[WhiteTitle "GM"]
[BlackTitle "IM"]
[WhiteElo "2505"]
[BlackElo "2466"]
[WhiteFideId "14200880"]
[BlackFideId "24600881"]
[EventDate "2016.12.29"]

1. Nf3 c5 2. b3 d5 3. Bb2 f6 4. e3 e5 5. d4 cxd4 6. exd4 e4 7. Nfd2 f5 8. c4 Nf6
9. Nc3 Be6 10. cxd5 Nxd5 11. Bb5+ Nc6 12. O-O Be7 13. Qh5+ g6 14. Qh6 Bf8 15.
Qh3 Bg7 16. Ndxe4 O-O 17. Nc5 Bf7 18. Nxd5 Bxd5 19. Rad1 Ne7 20. Bc4 Kh8 21. Ne6
Bxe6 22. Bxe6 Qd6 23. Rfe1 Rad8 24. Ba1 f4 25. Qf3 b6 26. d5 Bxa1 27. Rxa1 Qb4
28. a3 Qd4 29. Rad1 Qb2 30. Re2 Qf6 31. h3 a5 32. Re4 g5 33. d6 Ng6 34. d7 Nh4
35. Qd3 f3 36. g3 Ng6 37. Qd4 Kg7 38. Qxf6+ Kxf6 39. Rd3 Ne5 40. Rd6 Ng6 41.
Bg4+ Kg7 42. Rxb6 h5 43. Be6 h4 44. gxh4 Nf4 45. Bg4 gxh4 46. Kh2 Nd3 47. Re7+
Kh8 48. Rh6+ Kg8 49. Be6+ Rf7 50. Bxf7+ Kg7 51. Rg6+ Kf8 52. Re8+ Kxf7 53. Rxd8
Kxg6 54. Rg8+ Kf7 55. d8=Q 1-0

[Event "World Blitz 2016"]
[Site "Doha QAT"]
[Date "2016.12.29"]
[Round "9.50"]
[White "Perez Ponsa, Federico"]
[Black "Tissir, Mohamed"]
[Result "1-0"]
[WhiteTitle "GM"]
[BlackTitle "IM"]
[WhiteElo "2585"]
[BlackElo "2376"]
[WhiteFideId "117927"]
[BlackFideId "9000240"]
[EventDate "2016.12.29"]

1. e4 c5 2. Nf3 e6 3. g3 Nc6 4. Bg2 g6 5. d4 cxd4 6. Nxd4 Qb6 7. Nb3 Bg7 8. Nc3
a6 9. Be3 Qc7 10. Bc5 Nge7 11. Bd6 Qd8 12. O-O O-O 13. Qd2 f5 14. Rad1 Rf7 15.
Rfe1 fxe4 16. Nxe4 Nf5 17. c3 a5 18. a4 b6 19. Ng5 Rf6 20. Nxe6 Rxe6 21. Rxe6
dxe6 22. Bxc6 Ra7 23. Bb8 Qxd2 24. Rxd2 Rf7 25. Rd8+ Rf8 26. Bc7 Ne7 27. Be4
Rxd8 28. Bxd8 Nd5 29. Bxd5 exd5 30. Bxb6 Bd7 31. Nc5 Bc6 32. Bxa5 Bf8 33. Nd3
Bxa4 34. Bb4 Bh6 35. f4 Bb5 36. Ne5 Bg7 37. Nf3 h6 38. Kf2 Kf7 39. Bc5 Ba6 40.
Bd4 Bf8 41. Ne5+ Kg7 42. b4 g5 43. f5 h5 44. h3 Kf6 45. g4 hxg4 46. hxg4 Bd6 47.
Nf3+ Ke7 48. Nxg5 Bf4 49. f6+ 1-0

[Event "World Blitz 2016"]
[Site "Doha QAT"]
[Date "2016.12.29"]
[Round "9.51"]
[White "Atabayev, Yusup"]
[Black "Gashimov, Sarkhan"]
[Result "1-0"]
[WhiteTitle "IM"]
[WhiteElo "2473"]
[BlackElo "2351"]
[WhiteFideId "14001128"]
[BlackFideId "13400657"]
[EventDate "2016.12.29"]

1. e4 d5 2. exd5 Qxd5 3. Nf3 Nf6 4. Nc3 Qa5 5. d4 Nc6 6. h3 a6 7. Bd2 Bf5 8. Bc4
e6 9. a3 Qb6 10. Na4 Qa7 11. Be3 Nd5 12. Bxd5 exd5 13. O-O Bd6 14. c4 O-O 15.
Nc3 Rad8 16. c5 Be7 17. b4 Qb8 18. Re1 Bf6 19. Bf4 Qc8 20. Ne5 Bxe5 21. Bxe5
Nxe5 22. Rxe5 c6 23. Qf3 Bg6 24. Rae1 Rfe8 25. Qg4 Rxe5 26. Rxe5 Qxg4 27. hxg4
Kf8 28. f4 Bd3 29. Kf2 a5 30. Na4 axb4 31. axb4 f6 32. Re3 Bb5 33. Nb6 Kf7 34.
Kg3 Re8 35. Rxe8 Kxe8 36. Nc8 Ba6 37. Nd6+ Ke7 38. g5 fxg5 39. fxg5 Ke6 40. Kf4
b6 41. Ne8 Ke7 42. Nxg7 bxc5 43. bxc5 Bf1 44. g3 Bd3 45. Ke5 Kf7 46. Ne6 Ke7 1-0

[Event "World Blitz 2016"]
[Site "Doha QAT"]
[Date "2016.12.29"]
[Round "9.52"]
[White "Stratonowitsch, Andre"]
[Black "Hirneise, Jens"]
[Result "1/2-1/2"]
[BlackTitle "FM"]
[WhiteElo "2138"]
[BlackElo "2315"]
[WhiteFideId "24613959"]
[BlackFideId "24614734"]
[EventDate "2016.12.29"]

1. e4 c5 2. Nf3 d6 3. d4 cxd4 4. Nxd4 Nf6 5. f3 e5 6. Nb3 Be7 7. c4 a5 8. Be3 a4
9. Nc1 Qa5+ 10. Qd2 Qxd2+ 11. Nxd2 Be6 12. Ne2 Nfd7 13. Nc3 O-O 14. Be2 Rc8 15.
O-O Na6 16. b3 axb3 17. axb3 Nb4 18. Rac1 Nc5 19. Bxc5 Rxc5 20. Nd5 Bxd5 21.
exd5 f5 22. Ra1 Rca5 23. Rxa5 Rxa5 24. Nb1 Bg5 25. Nc3 Be3+ 26. Kh1 Kf7 27. g3
Bd4 28. Nb5 Bc5 29. Rd1 Ra2 30. Bd3 g6 31. Nc7 Rb2 32. Ne6 b6 33. Ng5+ Kg7 34.
Ne6+ Kf6 35. g4 h6 36. h4 Rxb3 37. g5+ hxg5 38. hxg5+ Ke7 39. Bxf5 gxf5 40. g6
Rxf3 41. Ra1 Rg3 42. Ra7+ Ke8 43. Ra8+ Kd7 44. Ra7+ Kc8 45. g7 e4 46. Rc7+ Kb8
47. Rf7 e3 48. Nf4 Rg4 49. Rf8+ Kb7 50. g8=Q Rxg8 1/2-1/2

[Event "World Blitz 2016"]
[Site "Doha QAT"]
[Date "2016.12.29"]
[Round "9.53"]
[White "Sanal, Vahap"]
[Black "khayat, Abdullah F"]
[Result "1-0"]
[WhiteTitle "GM"]
[WhiteElo "2474"]
[BlackElo "1732"]
[WhiteFideId "6300545"]
[BlackFideId "21500460"]
[EventDate "2016.12.29"]

1. e4 c6 2. d4 d5 3. exd5 cxd5 4. c4 e6 5. Nc3 Bb4 6. Nf3 Nf6 7. Bd3 O-O 8. O-O
b6 9. cxd5 exd5 10. Bg5 Bxc3 11. bxc3 Bg4 12. h3 Bh5 13. Re1 Nc6 14. Qa4 Qc7 15.
Bxf6 gxf6 16. Nh4 Kh8 17. Qc2 Bg6 18. g3 Bxd3 19. Qxd3 Rg8 20. Qf3 Qd6 21. Nf5
Qd7 22. Ne3 Rg6 23. Nxd5 Qxh3 24. Nf4 Qf5 25. Nxg6+ fxg6 26. Qxc6 Rf8 27. Re8 1-0

[Event "World Blitz 2016"]
[Site "Doha QAT"]
[Date "2016.12.29"]
[Round "10.2"]
[White "Karjakin, Sergey"]
[Black "Salem, A.R. Saleh"]
[Result "1-0"]
[WhiteTitle "GM"]
[BlackTitle "GM"]
[WhiteElo "2785"]
[BlackElo "2656"]
[WhiteFideId "14109603"]
[BlackFideId "9301348"]
[EventDate "2016.12.29"]

1. Nf3 c5 2. c4 Nf6 3. b3 g6 4. Bb2 Bg7 5. g3 b6 6. Bg2 Bb7 7. O-O O-O 8. Nc3 d6
9. d4 cxd4 10. Qxd4 Nbd7 11. Qd2 Rc8 12. Rac1 a6 13. Rfd1 Rc7 14. Nd4 Bxg2 15.
Kxg2 Qa8+ 16. f3 Rd8 17. e4 e6 18. Nc2 Ne8 19. Ne3 h5 20. Ne2 Bxb2 21. Qxb2 b5
22. cxb5 Rxc1 23. Rxc1 axb5 24. Nd4 Ne5 25. Qd2 Nf6 26. Qe2 d5 27. f4 Neg4 28.
e5 Nxe3+ 29. Qxe3 Ne4 30. Rc2 Rc8 31. Qc1 Rxc2+ 32. Qxc2 b4 33. Kh3 Qa7 34. Qc8+
Kg7 35. Nxe6+ fxe6 36. Qxe6 Qb7 37. Qe8 d4 38. e6 Nf6 39. Qd8 d3 40. Qxd3 Qe7
41. Qe3 Ng4 42. Qd4+ Kf8 43. Qh8# 1-0